<?xml version="1.0" encoding="UTF-8"?>
<record
    xmlns:xsi="http://www.w3.org/2001/XMLSchema-instance"
    xsi:schemaLocation="http://www.loc.gov/MARC21/slim http://www.loc.gov/standards/marcxml/schema/MARC21slim.xsd"
    xmlns="http://www.loc.gov/MARC21/slim">

  <leader>00765nam a2200217Ia 4500</leader>
  <datafield tag="999" ind1=" " ind2=" ">
    <subfield code="c">38973</subfield>
    <subfield code="d">38973</subfield>
  </datafield>
  <controlfield tag="001">5431</controlfield>
  <controlfield tag="003">GE_BSU</controlfield>
  <controlfield tag="005">20221031155805.0</controlfield>
  <controlfield tag="008">181216s2012ru  xx |||||||||||||| ||rus||</controlfield>
  <datafield tag="040" ind1=" " ind2=" ">
    <subfield code="c">GE_BSU</subfield>
  </datafield>
  <datafield tag="041" ind1=" " ind2=" ">
    <subfield code="a">rus</subfield>
  </datafield>
  <datafield tag="080" ind1=" " ind2=" ">
    <subfield code="a">343+343.237 &#x426;-40</subfield>
  </datafield>
  <datafield tag="100" ind1=" " ind2=" ">
    <subfield code="a">&#x426;&#x435;&#x440;&#x435;&#x442;&#x435;&#x43B;&#x438;,&#x422;.&#x412;.</subfield>
    <subfield code="9">15671</subfield>
  </datafield>
  <datafield tag="245" ind1=" " ind2=" ">
    <subfield code="a">&#x41F;&#x440;&#x438;&#x447;&#x438;&#x43D;&#x43D;&#x430;&#x44F; &#x441;&#x432;&#x44F;&#x437;&#x44C; &#x432; &#x443;&#x433;&#x43E;&#x43B;&#x43E;&#x432;&#x43D;&#x43E;&#x43C; &#x43F;&#x440;&#x430;&#x432;&#x435; </subfield>
    <subfield code="c">3 &#x442; / </subfield>
    <subfield code="b">&#x422;.&#x412;. &#x426;&#x435;&#x440;&#x435;&#x442;&#x435;&#x43B;&#x438;.</subfield>
  </datafield>
  <datafield tag="264" ind1=" " ind2=" ">
    <subfield code="a">&#x422;&#x431;&#x438;&#x43B;&#x438;&#x441;&#x438; :</subfield>
    <subfield code="b">&#x41C;&#x435;&#x440;&#x438;&#x434;&#x438;&#x430;&#x43D;&#x438;,</subfield>
    <subfield code="c">2012.</subfield>
  </datafield>
  <datafield tag="300" ind1=" " ind2=" ">
    <subfield code="a">703 &#x441;&#x442;&#x440;.:</subfield>
    <subfield code="b">22 &#x441;&#x43C;.</subfield>
  </datafield>
  <datafield tag="653" ind1=" " ind2=" ">
    <subfield code="a">&#x41F;&#x440;&#x438;&#x447;&#x438;&#x43D;&#x43D;&#x430;&#x44F; &#x441;&#x432;&#x44F;&#x437;&#x44C; &#x432; &#x443;&#x433;&#x43E;&#x43B;&#x43E;&#x432;&#x43D;&#x43E;&#x43C; &#x43F;&#x440;&#x430;&#x432;&#x435;</subfield>
  </datafield>
  <datafield tag="653" ind1=" " ind2=" ">
    <subfield code="a">&#x10DB;&#x10D8;&#x10D6;&#x10D4;&#x10D6;&#x10DD;&#x10D1;&#x10E0;&#x10D8;&#x10DD;&#x10D1;&#x10D0; &#x10E1;&#x10D8;&#x10E1;&#x10EE;&#x10DA;&#x10D8;&#x10E1; &#x10E1;&#x10D0;&#x10DB;&#x10D0;&#x10E0;&#x10D7;&#x10D0;&#x10DA;&#x10E8;&#x10D8;</subfield>
  </datafield>
  <datafield tag="653" ind1=" " ind2=" ">
    <subfield code="a">&#x10E1;&#x10D0;&#x10DB;&#x10D0;&#x10E0;&#x10D7;&#x10D0;&#x10DA;&#x10D8;</subfield>
  </datafield>
  <datafield tag="942" ind1=" " ind2=" ">
    <subfield code="c">BK</subfield>
    <subfield code="2">udc</subfield>
  </datafield>
  <datafield tag="952" ind1=" " ind2=" ">
    <subfield code="0">0</subfield>
    <subfield code="1">0</subfield>
    <subfield code="2">udc</subfield>
    <subfield code="4">0</subfield>
    <subfield code="6">343343237_&#x426;40</subfield>
    <subfield code="7">0</subfield>
    <subfield code="9">41478</subfield>
    <subfield code="a">CPL</subfield>
    <subfield code="b">CPL</subfield>
    <subfield code="c">GEN</subfield>
    <subfield code="d">2018-12-17</subfield>
    <subfield code="o">343+343.237 &#x426;-40</subfield>
    <subfield code="p">6443</subfield>
    <subfield code="r">2018-12-17</subfield>
    <subfield code="t">6443</subfield>
    <subfield code="w">2018-12-17</subfield>
    <subfield code="y">BK</subfield>
  </datafield>
</record>
